| 000 | 00367cam a22001217a 4500 | ||
|---|---|---|---|
| 008 | 180718b1965 xxu||||| |||| 00| 0 eng d | ||
| 082 | _aB234 N215 | ||
| 100 | _aNehru, Jawaharlal | ||
| 245 |
_aCongressmen's primer for socialism (a compilation) _cby Jawaharlal Nehru |
||
| 260 |
_aNew Delhi _bAll India Congress Committee _c1965 |
||
| 300 | _a199p. | ||
| 650 | _aSocialism | ||
| 999 |
_c376165 _d376165 |
||